| 000 -LEADER |
| fixed length control field |
00521nam a22001337a 4500 |
| 008 - FIXED-LENGTH DATA ELEMENTS--GENERAL INFORMATION |
| fixed length control field |
250825b ||||| |||| 00| 0 eng d |
| 020 ## - INTERNATIONAL STANDARD BOOK NUMBER |
| International Standard Book Number |
9781742767833 |
| 082 ## - DEWEY DECIMAL CLASSIFICATION NUMBER |
| Classification number |
823.92 PIC |
| 100 ## - MAIN ENTRY--PERSONAL NAME |
| Personal name |
PICHON,LIZ |
| Relator term |
AUTHOR |
| Language of a work |
ENGLISH |
| 245 ## - TITLE STATEMENT |
| Title |
TOM GATES |
| Remainder of title |
YES! NO. (Maybe...) |
| 260 ## - PUBLICATION, DISTRIBUTION, ETC. |
| Place of publication, distribution, etc. |
EUSTON HOUSE,24 EVERSHOLT STREET,LONDON,NW1 1DB,SCHOLASTIC IRELAND,89E LAGAN ROAD,DUBLIN INDUSTRIAL ESTATE,G;ASNEVIN,DUBLIN,D11 HP5F |
| Name of publisher, distributor, etc. |
SCHOLASTIC |
| Date of publication, distribution, etc. |
2021 |
| 300 ## - PHYSICAL DESCRIPTION |
| Extent |
220 pages |
| Other physical details |
paperback |
| Dimensions |
15cm |
| 942 ## - ADDED ENTRY ELEMENTS (KOHA) |
| Source of classification or shelving scheme |
|
| Classification part |
823.92 PIC |